Najdôležitejší v systéme zálohovania je spotrebiteľ
Obchodníkov na Slovensku čaká zmena v spôsobe predaja nápojov v jednorazových obaloch. Na čo je potrebné sa pripraviť od 1. januára 2022 podľa zákona č. 302/2019 o zálohovaní. Skúsenosti z iných krajín Európy a USA.
Salvato in:
| Natura: | Capitolo di libro |
|---|---|
| Lingua: | slovacco |
| Soggetti: | |
| Tags: |
Nessun Tag, puoi essere il primo ad aggiungerne!!
|
MARC
| LEADER | 00000naa a2200000 4500 | ||
|---|---|---|---|
| 001 | 0273481 | ||
| 005 | 20220627094412.8 | ||
| 041 | 0 | |a slo | |
| 044 | |a SK | ||
| 245 | 1 | 0 | |a Najdôležitejší v systéme zálohovania je spotrebiteľ |
| 520 | |a Obchodníkov na Slovensku čaká zmena v spôsobe predaja nápojov v jednorazových obaloch. Na čo je potrebné sa pripraviť od 1. januára 2022 podľa zákona č. 302/2019 o zálohovaní. Skúsenosti z iných krajín Európy a USA. | ||
| 610 | 2 | 0 | |a plasty |
| 610 | 2 | 0 | |a recyklácia odpadu |
| 610 | 2 | 0 | |a spotrebitelia |
| 610 | 2 | 0 | |a obaly |
| 610 | 2 | 0 | |a obchodníci |
| 610 | 2 | 0 | |a systémy zálohové |